| 000 | 00720nmc a2200289 a 4500 | ||
|---|---|---|---|
| 003 | AR-BaBNM | ||
| 005 | 20251128203016.0 | ||
| 008 | 236019s1957 ||||||||||||||000 | spa|| | ||
| 040 | _cAR-BaBNM | ||
| 100 | 1 |
_aGuido y Spano, Carlos _d1827-1918 |
|
| 245 | 1 | 0 | _aAutobiografía |
| 250 | _a4ª ed. | ||
| 260 |
_aBuenos Aires _bKapelusz _c1957 |
||
| 300 | 0 |
_a111 p. _bil. |
|
| 490 | 0 | _aGrandes obras de la literatura universal | |
| 650 | 4 | _aBIOGRAFIAS | |
| 650 | 4 | _aLITERATURA | |
| 650 | 4 | _aPOESIA | |
| 650 | 4 | _aHISTORIA | |
| 650 | 4 | _aPOLITICA | |
| 650 | 4 | _aCULTURA | |
| 651 | 4 | _aArgentina | |
| 655 | _aBIOGRAFIAS | ||
| 700 | 1 |
_aEstrella Gutiérrez, Fermín _eprologuista |
|
| 942 | _cBK | ||
| 998 | _cEnrique | ||
| 999 |
_c1492 _d1492 |
||